00381nam a2200133Ia 4500008004100000020001800041041000800059082002000067100004000087245006100127260003900188300000700227365001300234210423s2007 xx 000 0 und d a9780761936022 aeng a384.540954 PAVV aPAVARALA (Vinod);MALIK (Kanchan K). aOther voices: the struggle for community radio in India. aNew DelhibSage Publicationsc2007 bPB b650cINR